Potreby rozvoja ekonomického vzdelávania a podnikateľských zručností absolventov vybraných neekonomických študijných programov so záujmom o súkromné podnikanie [recenzovaný zborník vedeckých prác] : celoživotná kariéra a trh práce 5

Gespeichert in:
Bibliographische Detailangaben
Körperschaft: Ekonomická univerzita v Bratislave. Fakulta podnikového manažmentu
Weitere Verfasser: Litomerický, Juraj, Dupaľ, Andrej, Kita, Pavol
Format: Buch
Sprache:Slowakisch
Englisch
Veröffentlicht: Bratislava Vydavateľstvo EKONÓM 2015
Ausgabe:1. vyd.
Schlagworte:
Tags: Tag hinzufügen
Keine Tags, Fügen Sie das erste Tag hinzu!

MARC

LEADER 00000nam a2200000 4500
001 0205630
005 20240502073425.9
020 |a 978-80-225-4097-1 
041 0 |a slo 
041 0 |a eng 
044 |a SK 
245 1 0 |a Potreby rozvoja ekonomického vzdelávania a podnikateľských zručností absolventov vybraných neekonomických študijných programov so záujmom o súkromné podnikanie  |b [recenzovaný zborník vedeckých prác] : celoživotná kariéra a trh práce 5  |c Marta Matulčíková a kolektív, redakčné a zostaviteľské práce: Juraj Litomerický ; vedeckí recenzenti: Andrej Dupaľ, Pavol Kita 
250 |a 1. vyd. 
264 1 |a Bratislava  |b Vydavateľstvo EKONÓM  |c 2015 
300 |a 89 s. [4,45 AH] 
610 2 0 |a vzdelávanie 
610 2 0 |a vzdelanie ekonomické 
610 2 0 |a absolventi 
610 2 0 |a podnikanie súkromné 
700 1 |a Litomerický, Juraj 
700 1 |a Dupaľ, Andrej 
700 1 |a Kita, Pavol 
710 2 |a Ekonomická univerzita v Bratislave. Fakulta podnikového manažmentu